Przystanki SKM Trójmiasto w Gdyni - Statystyki

Ogólne statystyki
  • Ten quiz został rozwiązany 34 razy
  • Średni wynik to 8 z 9
Statystyki odpowiedzi
Przystanek % Poprawnych
Gdynia Główna
100%
Gdynia Orłowo
100%
Gdynia Wzgórze św. Maksymiliana
100%
Gdynia Chylonia
93%
Gdynia Cisowa
93%
Gdynia Redłowo
93%
Gdynia Grabówek
90%
Gdynia Stocznia-UM
90%
Gdynia Leszczynki
77%
Nie znaleziono quizów pasujących do podanych kryteriów
Rozkład punktacji
Procent ludzi z każdym wynikiem
Percentyl według liczby udzielonych odpowiedzi
Twoja historia wyników
Nie rozwiązałeś tego quizu